000 01407nam a2200289 a 4500
001 000016756
005 20260401104210.0
008 100310s1995 dr 000 0 spa d
040 _aDO-SdBNP
_bspa
_cBNPHU
082 _a338.642
_bA717a
100 1 _aAristy Escuder, Jaime
_97043
245 1 0 _aAhorro y producción de las microempresas y pequeñas empresas en la República Dominicana :
_bun análisis econométrico /
_cJaime Aristy Escuder ; presentación Andrés Dauhajre.
260 _aSanto Domingo :
_bFONDOMICRO,
_c1995.
300 _a108 P. ;
_c28 cm.
504 _aIncluye bibliografía y notas al pie de páginas.
504 _aBibliografía: p. 93-98
505 0 _gPresentación /
_rAndrés Dauhajre --
_tInforme ejecutivo:
_tElementos introductorios --
_tFundamentos teóricos --
_tDescripción del caso: análisis de las variables --
_tModelización econométrica --
_gConclusiones --
_gBibliografía --
_gAnexos.
590 _aInventariado,2018/DG
650 4 _aPequeña y mediana empresa
_99517
650 4 _aMicroempresas
_xAdministración
_937130
650 0 _aAhorro e inversión
_937131
650 4 _aAnálisis econométrico
_937132
651 4 _aRepública Dominicana
_xCondiciones Económicas
_9281
700 1 _aDauhajre, Andrés
_epresent.
_96000
710 2 _aFondo para el Financiamiento de la Microempresa (República Dominicana)
_99642
910 _aValidado. Control de calidad EMS
999 _c16288
_d16288